| 000 | 00330nam a22001217a 4500 | ||
|---|---|---|---|
| 999 |
_c300345 _d300345 |
||
| 040 | _addc | ||
| 082 |
_a631.52 _bSAI/AAG |
||
| 100 | _aSai Prasad,S V | ||
| 245 |
_aPlant Breeding _b/Useful for, ARS/NET,SAU,Ph.D.,IFFCO,NFL& Other Competitive Exams. |
||
| 260 |
_aNew Delhi _bNew Vishal _c2016 |
||
| 300 | _a536 p. | ||
| 942 |
_2ddc _cBK |
||